| 000 | 00604nam a2200205 a 4500 | ||
|---|---|---|---|
| 003 | BD-DhJNU | ||
| 005 | 20250616052402.0 | ||
| 008 | 170412s2006 ii a b 001 0 eng d | ||
| 020 | _a8122405495 | ||
| 040 |
_aBD-DhJNU _bENG _cBD-DhJNU _dBD-DhJNU |
||
| 082 |
_a519.2 MES _223 |
||
| 100 | 1 | _aMedhi, J. | |
| 245 | 1 | 0 |
_aStochastic processes / _cJ. Medhi |
| 250 | _a2nd ed. | ||
| 260 |
_aNew Delhi : _bNew Age International (P) Ltd. Publishers, _c1999. |
||
| 300 |
_axv, 598 p : _bill ; _c24 cm |
||
| 504 | _aIncludes bibliographical references and indexes | ||
| 650 | 0 | _aStochastic processes | |
| 942 | _cBK | ||
| 999 |
_c1768 _d1768 |
||